[Event "Hamburg-chT Landesliga 1920"]
[Site "Hamburg"]
[Date "2020.02.09"]
[Round "6.7"]
[White "Schermer, Denis"]
[Black "Nielsen, Joerg"]
[Result "1-0"]
[WhiteElo "2003"]
[BlackElo "1980"]
[PlyCount "87"]
[EventDate "2019.09.29"]
[EventType "team-tourn"]
[EventRounds "9"]
[EventCountry "GER"]
[SourceTitle "EXT 2021"]
[Source "ChessBase"]
[SourceDate "2020.10.23"]
[SourceVersion "1"]
[SourceVersionDate "2020.10.23"]
[SourceQuality "1"]

1. d4 d5 2. Nf3 c6 3. Bf4 e6 4. c3 f5 5. e3 Nf6 6. Nbd2 Bd6 7. Ne5 Qc7 8. Bd3 Nbd7 9. Nxd7 Bxd7 10. Bxd6 Qxd6 11. Nf3 0-0 12. Ne5 Be8 13. Qe2 Nd7 14. f4 Nxe5 15. fxe5 Qe7 16. h4 c5 17. g4 f4 18. 0-0-0 fxe3 19. Qxe3 c4 20. Bb1 b5 21. Rdf1 Rxf1+ 22. Rxf1 Qxh4 23. Qf4 Qe7 24. g5 Bh5 25. Qh4 Qe8 26. Bc2 Bg6 27. Bxg6 Qxg6 28. Qf4 Qe8 29. Qg4 a5 30. Rf3 Ra7 31. Rh3 Qg6 32. Rf3 Rf7 33. Rf4 Rxf4 34. Qxf4 h6 35. gxh6 Qxh6 36. Qxh6 gxh6 37. Kd2 Kg7 38. Ke3 Kg6 39. Kf4 h5 40. a3 a4 41. b4 h4 42. Kf3 Kg7 43. Kg2 Kf8 44. Kf2 1-0

[Event "Hamburg-chT Landesliga 1920"]
[Site "Hamburg"]
[Date "2020.02.09"]
[Round "6.7"]
[White "Schermer, Denis"]
[Black "Nielsen, Joerg"]
[Result "1-0"]
[WhiteElo "2003"]
[BlackElo "1980"]
[PlyCount "129"]
[EventDate "2019.09.29"]
[EventType "team-tourn"]
[EventRounds "9"]
[EventCountry "GER"]
[SourceTitle "EXT 2022"]
[Source "ChessBase"]
[SourceDate "2021.10.06"]
[SourceVersion "1"]
[SourceVersionDate "2021.10.06"]
[SourceQuality "1"]

1. d4 Nf6 2. c4 e6 3. Nf3 d5 4. g3 c6 5. Bg2 Nbd7 6. 0-0 Bd6 7. Nfd2 0-0 8. Nc3 Re8 9. e4 dxe4 10. Ndxe4 Bf8 11. Bf4 Nxe4 12. Nxe4 Nf6 13. c5 Nxe4 14. Bxe4 h6 15. b4 Be7 16. Qd3 Bg5 17. Bd6 Be7 18. Bxe7 Rxe7 19. Rad1 Qc7 20. f4 Bd7 21. a4 a6 22. Qb3 Be8 23. Bb1 Rd8 24. Rfe1 Red7 25. Qe3 Rd5 26. Ba2 Rf5 27. Bc4 h5 28. Rf1 Qe7 29. h4 Qf6 30. Rd2 g6 31. Rfd1 Kg7 32. Kg2 Kg8 33. Rb1 Kg7 34. Qc3 Kg8 35. Re1 Qg7 36. Re5 Qf6 37. Kf3 Kf8 38. Rd3 Kg7 39. Qd2 Kg8 40. Qe3 Bd7 41. Rd2 Qg7 42. Bb3 Re8 43. Kg2 Bc8 44. Bc2 f6 45. Rxf5 gxf5 46. Bxf5 Bd7 47. Bh3 Re7 48. Re2 Kf8 49. Qe4 Ke8 50. Kf2 Kd8 51. Kg2 Kc8 52. Qf3 Qh7 53. Kh2 Re8 54. Qc3 Qg7 55. b5 cxb5 56. d5 e5 57. f5 Kb8 58. c6 Bc8 59. axb5 axb5 60. Qa5 Qc7 61. Qxb5 Rg8 62. Rc2 e4 63. d6 Qxd6 64. c7+ Ka7 65. Ra2+ 1-0

[Event "Lueneburg op-A"]
[Site "Lueneburg"]
[Date "2019.08.09"]
[Round "7"]
[White "Nielsen, Joerg"]
[Black "Koellner, Christoph"]
[Result "0-1"]
[WhiteElo "2000"]
[BlackElo "2075"]
[PlyCount "118"]
[EventDate "2019.08.03"]
[EventType "swiss"]
[EventRounds "9"]
[EventCountry "GER"]
[SourceTitle "CBM 191 Extra"]
[Source "ChessBase"]
[SourceDate "2019.09.30"]
[SourceVersion "1"]
[SourceVersionDate "2019.09.30"]
[SourceQuality "1"]

1. c4 Nf6 2. g3 e6 3. d4 d5 4. Bg2 c6 5. Nf3 Bb4+ 6. Bd2 Be7 7. Qc2 Ne4 8. 0-0 0-0 9. b3 Nd7 10. Nc3 Nxd2 11. Qxd2 f5 12. e3 Bd6 13. Rad1 Qe7 14. Qc2 g5 15. Rfe1 Qg7 16. Nd2 h5 17. Nf1 Nf6 18. f3 g4 19. f4 h4 20. gxh4 Bd7 21. Ng3 Qh7 22. Bf1 Qxh4 23. Re2 Kf7 24. Rg2 Rh8 25. Bd3 Qh7 26. Rf1 Qg6 27. Qb2 Rh3 28. c5 Be7 29. b4 b6 30. Rb1 Rhh8 31. Qc1 Nh5 32. Nce2 Rhb8 33. Nxh5 Qxh5 34. Ng3 Qh8 35. Rgb2 Bf6 36. Qc3 Bh4 37. Qe1 b5 38. Rg2 a5 39. a3 axb4 40. Qxb4 Ra4 41. Qc3 Bf6 42. Rb4 Rba8 43. Ra2 Rxb4 44. Qxb4 Ra4 45. Qb1 Qa8 46. Bc2 Rxa3 47. Rxa3 Qxa3 48. Bb3 Qb4 49. Nf1 Bxd4 50. exd4 Qxd4+ 51. Kg2 Qxc5 52. Qe1 Qd4 53. Qe5 Qxe5 54. fxe5 c5 55. Kg3 c4 56. Ba2 b4 57. Ne3 Bb5 58. Bb1 b3 59. Kf4 d4 0-1

[Event "Hamburg-chT Landesliga 1718"]
[Site "Hamburg"]
[Date "2018.04.21"]
[Round "8.8"]
[White "Schoeneshoefer, Adrian"]
[Black "Nielsen, Joerg"]
[Result "1/2-1/2"]
[WhiteElo "1831"]
[BlackElo "2005"]
[PlyCount "44"]
[EventDate "2017.10.08"]
[EventType "team-tourn"]
[EventRounds "9"]
[EventCountry "GER"]
[SourceTitle "EXT 2021"]
[Source "ChessBase"]
[SourceDate "2020.10.23"]
[SourceVersion "1"]
[SourceVersionDate "2020.10.23"]
[SourceQuality "1"]
[WhiteTeam "Hamburg Weisse Dame"]
[BlackTeam "Eimsbuettel Union"]
[WhiteTeamCountry "GER"]
[BlackTeamCountry "GER"]

1. e4 Nf6 2. e5 Nd5 3. d4 d6 4. c4 Nb6 5. exd6 exd6 6. Nc3 Be7 7. Nf3 Bg4 8. h3 Bh5 9. Be3 Nc6 10. b3 0-0 11. Be2 Re8 12. 0-0 Bf6 13. Rc1 d5 14. c5 Nc8 15. Qd2 Bg6 16. Rfd1 h6 17. Nh2 Nb8 18. Ng4 c6 19. b4 Nd7 20. b5 Ne7 21. Nxf6+ Nxf6 22. f3 Nf5 1/2-1/2

[Event "Hamburg-chT Landesliga 1516"]
[Site "Hamburg"]
[Date "2016.04.23"]
[Round "8.7"]
[White "Paulsen, Tino"]
[Black "Nielsen, Joerg"]
[Result "0-1"]
[WhiteElo "1750"]
[BlackElo "1972"]
[PlyCount "110"]
[EventDate "2015.09.20"]
[EventType "team-tourn"]
[EventRounds "9"]
[EventCountry "GER"]
[SourceTitle "EXT 2022"]
[Source "ChessBase"]
[SourceDate "2021.10.06"]
[SourceVersion "1"]
[SourceVersionDate "2021.10.06"]
[SourceQuality "1"]
[WhiteTeam "Hamburg Schachfreunde II"]
[BlackTeam "Eimsbuettel Union"]
[WhiteTeamCountry "GER"]
[BlackTeamCountry "GER"]

1. e4 Nf6 2. e5 Nd5 3. d4 d6 4. c4 Nb6 5. exd6 exd6 6. Bd3 Be7 7. Ne2 Nc6 8. Nbc3 0-0 9. a3 Re8 10. 0-0 Bf6 11. b3 g6 12. Be3 Bg4 13. Qd2 d5 14. c5 Nc8 15. h3 Bxe2 16. Bxe2 N8e7 17. g4 Bg7 18. Bf3 Qd7 19. Ne2 Rad8 20. b4 a6 21. a4 a5 22. b5 Nb4 23. Kg2 Kh8 24. Rh1 Ng8 25. h4 Nf6 26. Bg5 Ra8 27. Bxf6 Bxf6 28. g5 Bg7 29. Rad1 Re7 30. Qf4 Kg8 31. Bg4 Qe8 32. Rd2 Re4 33. Qg3 h5 34. Bf3 Re7 35. Nf4 c6 36. b6 Qd7 37. Bd1 Rae8 38. Qf3 Qf5 39. Ne2 Qd7 40. Qg3 Re4 41. Qc3 Qe7 42. Rh3 f6 43. f4 Qe6 44. Qg3 Qf5 45. Qf3 Re3 46. Qxe3 Rxe3 47. Rxe3 Qg4+ 48. Ng3 Qxf4 49. Rde2 fxg5 50. Re8+ Kh7 51. Rf2 Qxh4 52. Rf7 g4 53. Nf1 Kh6 54. Rxg7 Kxg7 55. Rc8 Nd3 0-1

[Event "Pinneberg-ch"]
[Site "Pinneberg"]
[Date "2011.09.22"]
[Round "6"]
[White "Nielsen, Joerg"]
[Black "Moser, Till"]
[Result "0-1"]
[WhiteElo "2007"]
[BlackElo "2038"]
[PlyCount "90"]
[EventDate "2011.08.18"]
[EventType "swiss"]
[EventRounds "7"]
[EventCountry "GER"]
[SourceTitle "CBM 144 Extra"]
[Source "ChessBase"]
[SourceDate "2011.10.28"]
[SourceVersion "1"]
[SourceVersionDate "2011.10.28"]
[SourceQuality "1"]

1. d4 Nf6 2. c4 d6 3. Nc3 e5 4. dxe5 dxe5 5. Qxd8+ Kxd8 6. Nf3 Bd6 7. Bd2 c6 8. 0-0-0 Ke7 9. Bg5 Be6 10. e3 Nbd7 11. Be2 Bc7 12. h3 h6 13. Bh4 g5 14. Bg3 Ne8 15. e4 f6 16. Nd2 Bb6 17. Na4 Bd4 18. Nb3 c5 19. Kb1 Nd6 20. Nd2 a6 21. b3 b5 22. Nb2 Nb6 23. cxb5 axb5 24. Nd3 Rhb8 25. Rc1 c4 26. Nb4 Rc8 27. Nc2 Bc3 28. Rhd1 Bxd2 29. Rxd2 Nxe4 30. Rcd1 Nxd2+ 31. Rxd2 cxb3 32. axb3 Bxb3 33. Ne3 Nc4 34. Nf5+ Kf8 35. Rd7 Rd8 36. Rh7 Bd1 37. Bxd1 Rxd1+ 38. Kc2 Rd2+ 39. Kc3 Ra3+ 40. Kb4 Rb2+ 41. Kc5 Rd3 42. h4 Nd2 43. h5 Rc2+ 44. Kb4 Rb3+ 45. Ka5 Rc6 0-1

[Event "Pinneberg-ch"]
[Site "Pinneberg"]
[Date "2011.09.01"]
[Round "3"]
[White "Koch, Soeren"]
[Black "Nielsen, Joerg"]
[Result "0-1"]
[WhiteElo "1966"]
[BlackElo "2007"]
[PlyCount "60"]
[EventDate "2011.08.18"]
[EventType "swiss"]
[EventRounds "7"]
[EventCountry "GER"]
[SourceTitle "CBM 144 Extra"]
[Source "ChessBase"]
[SourceDate "2011.10.28"]
[SourceVersion "1"]
[SourceVersionDate "2011.10.28"]
[SourceQuality "1"]

1. e4 g6 2. Nc3 Bg7 3. g3 d6 4. Bg2 c6 5. d3 Nd7 6. Nf3 Ngf6 7. 0-0 Qc7 8. Qe2 b5 9. Nh4 Rb8 10. f4 b4 11. Nd1 e5 12. f5 0-0 13. Ne3 Ba6 14. Ng4 Nxg4 15. Qxg4 Nf6 16. Qe2 d5 17. exd5 cxd5 18. Bg5 Qd6 19. Rf2 Nd7 20. fxg6 fxg6 21. Raf1 Qc5 22. Be3 d4 23. Rxf8+ Rxf8 24. Rxf8+ Nxf8 25. Bc1 Bc8 26. Be4 Be6 27. b3 Qa5 28. Bd2 Nd7 29. a4 Qc5 30. Bc1 Bxb3 0-1

[Event "Pinneberg-ch"]
[Site "Pinneberg"]
[Date "2011.08.25"]
[Round "2"]
[White "Nielsen, Joerg"]
[Black "Griwenka, Volker"]
[Result "1/2-1/2"]
[WhiteElo "2007"]
[BlackElo "1890"]
[PlyCount "53"]
[EventDate "2011.08.18"]
[EventType "swiss"]
[EventRounds "7"]
[EventCountry "GER"]
[SourceTitle "CBM 144 Extra"]
[Source "ChessBase"]
[SourceDate "2011.10.28"]
[SourceVersion "1"]
[SourceVersionDate "2011.10.28"]
[SourceQuality "1"]

1. d4 Nf6 2. c4 e6 3. g3 d5 4. Bg2 Be7 5. Nf3 0-0 6. 0-0 b6 7. b3 Nbd7 8. Qc2 Bb7 9. Nc3 Re8 10. Bb2 Rc8 11. cxd5 exd5 12. Rad1 c6 13. Rfe1 Bb4 14. a3 Bd6 15. Nh4 g6 16. b4 a6 17. e4 dxe4 18. Nxe4 Nxe4 19. Bxe4 Nf6 20. Bg2 Nd5 21. Qd2 Rc7 22. Nf3 Rce7 23. Rxe7 Rxe7 24. Re1 Rxe1+ 25. Qxe1 Qe7 26. Qd2 f6 27. Ne1 1/2-1/2

[Event "Pinneberg-ch"]
[Site "Pinneberg"]
[Date "2009.10.01"]
[Round "6"]
[White "Hamann, Frank"]
[Black "Nielsen, Joerg"]
[Result "0-1"]
[WhiteElo "1918"]
[BlackElo "2063"]
[PlyCount "78"]
[EventDate "2009.08.27"]
[EventType "swiss"]
[EventRounds "7"]
[EventCountry "GER"]
[SourceTitle "EXT 2012"]
[Source "ChessBase"]
[SourceDate "2011.11.24"]
[SourceVersion "1"]
[SourceVersionDate "2011.11.24"]
[SourceQuality "1"]

1. c4 e5 2. Nc3 Nf6 3. Nf3 Nc6 4. g3 Bb4 5. Bg2 0-0 6. 0-0 Bxc3 7. dxc3 Re8 8. Qc2 h6 9. h3 d6 10. Be3 Be6 11. b3 Qd7 12. g4 h5 13. g5 Bf5 14. Qc1 Nh7 15. Kh2 Nf8 16. Nh4 Ng6 17. Nxg6 Bxg6 18. Qd2 Rad8 19. Rad1 b6 20. c5 Ne7 21. cxd6 cxd6 22. c4 Qe6 23. Qc1 Bf5 24. Rd2 Rd7 25. Rfd1 Red8 26. Qa3 Qg6 27. b4 Bc2 28. Rc1 Be4 29. Bxe4 Qxe4 30. Qd3 Qh4 31. Rg1 d5 32. cxd5 Rxd5 33. Qc3 Rxd2 34. Bxd2 Qxf2+ 35. Rg2 Qf5 36. Be3 Rd1 37. Bf2 Ng6 38. e3 h4 39. Qc4 e4 0-1

[Event "Pinneberg-ch"]
[Site "Pinneberg"]
[Date "2009.08.27"]
[Round "1"]
[White "Nielsen, Joerg"]
[Black "Linke, Harry"]
[Result "1-0"]
[WhiteElo "2063"]
[BlackElo "1705"]
[PlyCount "93"]
[EventDate "2009.08.27"]
[EventType "swiss"]
[EventRounds "7"]
[EventCountry "GER"]
[SourceTitle "EXT 2012"]
[Source "ChessBase"]
[SourceDate "2011.11.24"]
[SourceVersion "1"]
[SourceVersionDate "2011.11.24"]
[SourceQuality "1"]

1. e4 e5 2. Nf3 Nc6 3. Bb5 Bc5 4. c3 a6 5. Ba4 Qf6 6. 0-0 h6 7. h3 Nge7 8. Bxc6 Nxc6 9. d4 Ba7 10. Be3 d6 11. Re1 0-0 12. Na3 b5 13. Nc2 Ne7 14. a4 Bb7 15. d5 c5 16. axb5 axb5 17. Qe2 Rfb8 18. Ra3 Nxd5 19. exd5 Bxd5 20. Rea1 Bc4 21. Qd2 Qe7 22. Nb4 cxb4 23. Rxa7 Rxa7 24. Rxa7 bxc3 25. bxc3 Qe6 26. Qd1 f5 27. Ra6 b4 28. Rxd6 Qe8 29. cxb4 f4 30. Bc5 e4 31. Nd2 Bf7 32. Qe2 Bg6 33. Qg4 e3 34. fxe3 fxe3 35. Nf3 Bh5 36. Qe6+ Bf7 37. Qxe8+ Rxe8 38. Rd4 Bg6 39. Rd7 Be4 40. Ne1 e2 41. b5 Re5 42. Rc7 Rg5 43. Kf2 Bxg2 44. Nxg2 Rxg2+ 45. Ke1 Rh2 46. b6 Rxh3 47. b7 1-0

[Event "Hamburg Junge op"]
[Site "Hamburg"]
[Date "2005.10.09"]
[Round "9"]
[White "Meier, David Geffrey"]
[Black "Nielsen, Joerg"]
[Result "1/2-1/2"]
[WhiteElo "2201"]
[BlackElo "2011"]
[PlyCount "86"]
[EventDate "2005.10.01"]
[EventType "swiss"]
[EventRounds "9"]
[EventCountry "GER"]
[SourceTitle "CBM 108 Extra"]
[Source "ChessBase"]
[SourceDate "2005.11.04"]
[SourceVersion "1"]
[SourceVersionDate "2005.11.04"]
[SourceQuality "1"]

1. f4 Nf6 2. Nf3 d5 3. g3 c6 4. Bg2 Qb6 5. Nc3 Na6 6. e3 Bg4 7. h3 Bxf3 8. Bxf3 0-0-0 9. d4 e6 10. 0-0 Bd6 11. Rb1 c5 12. Kh1 h6 13. Ne2 c4 14. Bd2 g5 15. b3 Qc7 16. bxc4 Qxc4 17. Nc3 Nc7 18. Be2 Qc6 19. Rb3 gxf4 20. Nb5 Kb8 21. Nxd6 Qxd6 22. exf4 Ne4 23. Be1 Rdg8 24. Qb1 Qc6 25. Kh2 f5 26. Bb4 Rg7 27. Rc1 Rhg8 28. Be1 Ne8 29. c4 N8d6 30. c5 Nc4 31. Bxc4 dxc4 32. Rxc4 h5 33. h4 Ka8 34. Rcb4 Nf6 35. Qd3 Nd5 36. Rc4 Nxf4 37. Qf3 Nd5 38. Rc2 Rg4 39. Rd3 f4 40. Rg2 Qa6 41. Bd2 Ne3 42. Rxe3 fxe3 43. Bxe3 Qc6 1/2-1/2

[Event "Hamburg Junge op"]
[Site "Hamburg"]
[Date "2005.10.07"]
[Round "5"]
[White "Schuette, Andreas"]
[Black "Nielsen, Joerg"]
[Result "0-1"]
[WhiteElo "2201"]
[BlackElo "2011"]
[PlyCount "74"]
[EventDate "2005.10.01"]
[EventType "swiss"]
[EventRounds "9"]
[EventCountry "GER"]
[SourceTitle "CBM 108 Extra"]
[Source "ChessBase"]
[SourceDate "2005.11.04"]
[SourceVersion "1"]
[SourceVersionDate "2005.11.04"]
[SourceQuality "1"]

1. e4 Nf6 2. e5 Nd5 3. d4 d6 4. Bc4 Nb6 5. Bb3 dxe5 6. Qf3 e6 7. dxe5 a5 8. a4 N8d7 9. Qg3 Nc5 10. Nc3 Nxb3 11. cxb3 Nd5 12. Nge2 Qe7 13. Bd2 Bd7 14. 0-0 Bc6 15. Nd4 Nxc3 16. bxc3 Be4 17. Rfe1 Bg6 18. Qe3 Qd7 19. Rad1 Bc5 20. Bc1 Qe7 21. Qf3 0-0 22. Qxb7 Rab8 23. Qa6 Bxd4 24. Rxd4 Rxb3 25. Qxa5 Rb1 26. Rb4 Ra1 27. Qa7 Qd7 28. f3 h6 29. Bd2 Rxe1+ 30. Bxe1 Qd1 31. Qe3 c5 32. Rb6 Qxa4 33. Qxc5 Qd1 34. Kf2 Ra8 35. Qe3 Ra2+ 36. Kg3 Re2 37. Rb1 Bxb1 0-1

[Event "Hamburg Junge op"]
[Site "Hamburg"]
[Date "2005.10.07"]
[Round "7"]
[White "Van der Plas, Rob"]
[Black "Nielsen, Joerg"]
[Result "1/2-1/2"]
[WhiteElo "2211"]
[BlackElo "2011"]
[PlyCount "54"]
[EventDate "2005.10.01"]
[EventType "swiss"]
[EventRounds "9"]
[EventCountry "GER"]
[SourceTitle "CBM 108 Extra"]
[Source "ChessBase"]
[SourceDate "2005.11.04"]
[SourceVersion "1"]
[SourceVersionDate "2005.11.04"]
[SourceQuality "1"]

1. d4 Nf6 2. c4 g6 3. Nc3 Bg7 4. e4 d6 5. f4 0-0 6. Nf3 c5 7. d5 e6 8. Be2 exd5 9. cxd5 b5 10. e5 dxe5 11. fxe5 Ng4 12. Bg5 Qb6 13. 0-0 Nxe5 14. d6 c4+ 15. Kh1 Bb7 16. Nxe5 Bxe5 17. Be7 Nd7 18. Bxf8 Rxf8 19. Bf3 Bxf3 20. Qxf3 b4 21. Nd5 Qc5 22. Rab1 a5 23. Ne7+ Kg7 24. Rfd1 Nf6 25. Qc6 Qe3 26. Qf3 Qc5 27. Qc6 Qe3 1/2-1/2

[Event "Hamburg Junge op"]
[Site "Hamburg"]
[Date "2005.10.04"]
[Round "4"]
[White "Nielsen, Joerg"]
[Black "Zimmermann, Paul"]
[Result "1/2-1/2"]
[WhiteElo "2011"]
[BlackElo "2213"]
[PlyCount "90"]
[EventDate "2005.10.01"]
[EventType "swiss"]
[EventRounds "9"]
[EventCountry "GER"]
[SourceTitle "CBM 108 Extra"]
[Source "ChessBase"]
[SourceDate "2005.11.04"]
[SourceVersion "1"]
[SourceVersionDate "2005.11.04"]
[SourceQuality "1"]

1. d4 d5 2. Bf4 e6 3. e3 Bd6 4. Bxd6 Qxd6 5. a3 Nf6 6. Nc3 a6 7. Bd3 0-0 8. Nf3 Nbd7 9. 0-0 e5 10. e4 exd4 11. Nxd4 dxe4 12. Bxe4 Ne5 13. Nb3 Nxe4 14. Nxe4 Qg6 15. Ng3 Be6 16. Nc5 Bc4 17. Re1 f6 18. f4 Rad8 19. Qc1 Nc6 20. f5 Qg5 21. b3 Qxc1 22. Raxc1 b6 23. Nce4 Bf7 24. Rcd1 h5 25. h4 Ne5 26. Kf2 Rfe8 27. Rxd8 Rxd8 28. Ke2 Ng4 29. Kf3 Kf8 30. Re2 Ke7 31. Kf4 Ne5 32. Rd2 Rxd2 33. Nxd2 c5 34. Ke3 Nc6 35. c3 g6 36. Kf4 Ne5 37. Ke3 Bd5 38. fxg6 Nxg6 39. Nxh5 Bxg2 40. Kf2 Bd5 41. Kg3 Bf7 42. Ng7 Ne5 43. Nf5+ Ke6 44. Ng7+ Ke7 45. Nf5+ Ke6 1/2-1/2

[Event "Hamburg Junge op"]
[Site "Hamburg"]
[Date "2005.10.03"]
[Round "3"]
[White "Krulich, Roman"]
[Black "Nielsen, Joerg"]
[Result "1-0"]
[WhiteElo "2186"]
[BlackElo "2011"]
[PlyCount "69"]
[EventDate "2005.10.01"]
[EventType "swiss"]
[EventRounds "9"]
[EventCountry "GER"]
[SourceTitle "CBM 108 Extra"]
[Source "ChessBase"]
[SourceDate "2005.11.04"]
[SourceVersion "1"]
[SourceVersionDate "2005.11.04"]
[SourceQuality "1"]

1. e4 Nf6 2. e5 Nd5 3. c4 Nb6 4. c5 Nd5 5. d4 e6 6. Nf3 b6 7. cxb6 axb6 8. Nc3 Ba6 9. Bxa6 Nxa6 10. Nxd5 exd5 11. Qb3 c6 12. 0-0 Be7 13. Bf4 0-0 14. Rac1 Nc7 15. a3 Ne6 16. Bg3 Ra6 17. Rfd1 h5 18. h3 h4 19. Bh2 g6 20. Ne1 Ng7 21. Kh1 Qa8 22. Nc2 b5 23. f4 f5 24. exf6 Bxf6 25. Qd3 Kh7 26. f5 g5 27. Be5 Nh5 28. Bd6 Rf7 29. Qf3 Ng7 30. Ne3 Qa7 31. Ng4 Bxd4 32. f6 Ne6 33. Qf5+ Kh8 34. Qg6 c5 35. Qh5+ 1-0

[Event "Pinneberg-ch"]
[Site "Pinneberg"]
[Date "2005.09.15"]
[Round "6"]
[White "Nielsen, Joerg"]
[Black "Putzbach, Gerd"]
[Result "0-1"]
[WhiteElo "2001"]
[BlackElo "2268"]
[PlyCount "104"]
[EventDate "2005.08.11"]
[EventType "swiss"]
[EventRounds "7"]
[EventCountry "GER"]
[SourceTitle "EXT 2006"]
[Source "ChessBase"]
[SourceDate "2005.11.24"]
[SourceVersion "1"]
[SourceVersionDate "2005.11.24"]
[SourceQuality "1"]

1. d4 d5 2. Bf4 c6 3. e3 Qb6 4. b3 Bf5 5. Bd3 e6 6. Nf3 Nf6 7. h3 Ne4 8. 0-0 h6 9. Bxe4 Bxe4 10. a3 Nd7 11. Nc3 Bh7 12. Re1 Nf6 13. Ne5 Be7 14. b4 a5 15. Na4 Qb5 16. c3 axb4 17. axb4 0-0 18. Nc5 b6 19. Ncd7 Nxd7 20. Nxd7 Rfd8 21. Ne5 f6 22. Nf3 Ra6 23. Rxa6 Qxa6 24. Qa1 Ra8 25. Qxa6 Rxa6 26. Bc7 Kf7 27. Rc1 Ke8 28. g4 Kd7 29. Bg3 Ra2 30. h4 Be4 31. Ne1 Kc8 32. h5 Kb7 33. Kh2 Ka6 34. Kh3 Kb5 35. f3 Bh7 36. Ng2 Kc4 37. Bc7 b5 38. Nf4 Ra7 39. Bb6 Rb7 40. Ba5 Bg8 41. Kg2 e5 42. Ne2 Bh7 43. Kf2 Bd6 44. Ke1 Kd3 45. Kf2 Kd2 46. Ra1 Bd3 47. Ra2+ Kd1 48. Rb2 Bc4 49. f4 exf4 50. exf4 Re7 51. Rb1+ Kc2 52. Rc1+ Kd2 0-1

[Event "Pinneberg-ch"]
[Site "Pinneberg"]
[Date "2005.09.08"]
[Round "5"]
[White "Weiss, Siegfried"]
[Black "Nielsen, Joerg"]
[Result "0-1"]
[WhiteElo "2118"]
[BlackElo "2001"]
[PlyCount "82"]
[EventDate "2005.08.11"]
[EventType "swiss"]
[EventRounds "7"]
[EventCountry "GER"]
[SourceTitle "EXT 2006"]
[Source "ChessBase"]
[SourceDate "2005.11.24"]
[SourceVersion "1"]
[SourceVersionDate "2005.11.24"]
[SourceQuality "1"]

1. b3 e5 2. Bb2 Nc6 3. c4 d6 4. Nc3 g6 5. g3 Bg7 6. Bg2 Nge7 7. d3 Be6 8. Nd5 f5 9. e3 0-0 10. Ne2 Bxd5 11. cxd5 Nb4 12. e4 c6 13. a3 Na6 14. dxc6 bxc6 15. b4 Kh8 16. 0-0 d5 17. f4 Qb6+ 18. Kh1 d4 19. fxe5 Bxe5 20. Rc1 Rac8 21. Rc4 c5 22. Qa1 Rb8 23. Rb1 fxe4 24. Bxe4 Rf2 25. Ng1 Qf6 26. bxc5 Rxh2+ 27. Kxh2 Qh4+ 28. Kg2 Qxg3+ 29. Kf1 Rf8+ 30. Nf3 Rxf3+ 31. Bxf3 Qxf3+ 32. Kg1 Qg3+ 33. Kf1 Qxd3+ 34. Kg1 Nf5 35. Re1 Qg3+ 36. Kf1 Qf3+ 37. Kg1 Ne3 38. Rxe3 Qxe3+ 39. Kf1 Qf3+ 40. Kg1 Qg3+ 41. Kf1 Qd3+ 0-1

[Event "Pinneberg-ch"]
[Site "Pinneberg"]
[Date "2005.08.18"]
[Round "2"]
[White "Nielsen, Joerg"]
[Black "Himmelstaub, Werner"]
[Result "1-0"]
[WhiteElo "2001"]
[BlackElo "1709"]
[PlyCount "93"]
[EventDate "2005.08.11"]
[EventType "swiss"]
[EventRounds "7"]
[EventCountry "GER"]
[SourceTitle "EXT 2006"]
[Source "ChessBase"]
[SourceDate "2005.11.24"]
[SourceVersion "1"]
[SourceVersionDate "2005.11.24"]
[SourceQuality "1"]

1. d4 e5 2. dxe5 Nc6 3. Nf3 Qe7 4. Qd5 Nb4 5. Qb3 h6 6. Nc3 c6 7. a3 Na6 8. Bf4 Nc5 9. Qc4 b5 10. Qd4 Qd8 11. Bg3 Ne6 12. Qd2 b4 13. Ne4 bxa3 14. bxa3 Nc5 15. Nd6+ Bxd6 16. exd6 Ne6 17. e4 Nf6 18. Bd3 c5 19. e5 Nh5 20. Rb1 Nxg3 21. hxg3 a5 22. Qe2 Ra7 23. Qe4 Ba6 24. 0-0 Bxd3 25. Qxd3 0-0 26. Rb5 Ra8 27. Rfb1 Rc8 28. Qc4 Re8 29. Rb7 Nd4 30. Nxd4 cxd4 31. Qxd4 Rxc2 32. f4 Qc8 33. Qe4 Rc5 34. Qd4 Rc2 35. Qb6 Qc3 36. Rc7 Qd2 37. Rxc2 Qxc2 38. Qb7 Qa4 39. Rb3 g5 40. Rf3 Kg7 41. Kh2 Kg8 42. Qd5 g4 43. Rc3 Rb8 44. f5 Rb1 45. Rc8+ Kg7 46. f6+ Kg6 47. Qd3+ 1-0